Greek papyri in the library of Cornell University /

محفوظ في:

المؤلف الرئيسي: Westermann, William Linn, 1873-1954 (مؤلف)

مؤلف مشترك: Cornell University. Libraries.

مؤلفون آخرون: Kraemer, Casper J. 1895-1958.

التنسيق: كتاب

اللغة: English

منشور في: New York : Columbia University Press, 1926.

الموضوعات:

الوسوم: إضافة وسم

لا توجد وسوم, كن أول من يضع وسما على هذه التسجيلة!

رقم الطلب: PA3305 .C8 1926

LEADER 00937nam a22002297a 4500
003 OSt
005 20250922095538.0
008 250922s1926 nyuah g 001 0 eng d
010 |a 26021015 
040 |c ARCE Library 
050 1 4 |a PA3305  |b .C8 1926 
100 1 |a Westermann, William Linn,  |d 1873-1954,  |e author 
245 1 0 |a Greek papyri in the library of Cornell University /   |c edited with translations and notes by William Linn Westermann ... and Casper J. Kraemer, jr ... with nineteen plates. 
264 1 |a New York :   |b Columbia University Press,   |c 1926. 
300 |a 2 pages l., iii-xx, 287 pages :  |b illustrations (facsimiles) ;  |c 29 cm. 
500 |a Photo-lithographic reproduction (autographed) from type-written copy. 
650 0 |a Manuscripts, Greek (Papyri) 
700 1 |a Kraemer, Casper J.  |q (Casper John),  |d 1895-1958. 
710 2 |a Cornell University.  |b Libraries.  |9 21782 
901 |a reviewed 
942 |c BK  |2 lcc 
999 |c 22265  |d 22265